Biggest Cities North of the Tropic of Cancer - Statistics

General Stats
  • This quiz has been taken 49 times
  • The average score is 21 of 30
Answer Stats
# Population City % Correct
16 14.9m London
97%
22 11.5m Paris
97%
1 41.0m Tokyo
97%
8 21.2m Beijing
95%
10 19.1m Moscow
95%
15 15.9m Istanbul
92%
7 22.0m New York City
92%
2 40.8m Shanghai
92%
13 17.2m Los Angeles
86%
11 17.7m Osaka
86%
5 22.5m Cairo
81%
29 9.65m Chicago
78%
3 34.6m Delhi
78%
4 25.1m Seoul
78%
14 16.5m Tehran
73%
9 20.9m Karachi
65%
21 12.2m Wuhan
65%
16 14.9m Xiamen
62%
20 12.8m Xi'an
62%
18 14.5m Lahore
57%
12 17.3m Chengdu
54%
25 10.9m Chongqing
54%
5 22.5m Dhaka
54%
26 10.5m Nagoya
51%
30 9.30m Nanjing
46%
22 11.5m Tianjin
46%
27 9.95m Taipei
41%
19 13.9m Hangzhou
30%
24 11.0m Changsha
24%
28 9.80m Zhengzhou
22%
No matching quizzes found
Score Distribution
Percent of People with Each Score
Percentile by Number Answered
Your Score History
You have not taken this quiz